00520nam a2200169 i 4500001000700000003000900007005001700016008004100033080002400074245010300098260003300201300002100234650002900255700002300284700002100307852002200328171676ES-MaACL20230906214709.0090526s1960 sp |||| | spa d a839.7-14"19"(082.2)00aSoledades de seis poetas suecos / cPär Lagerkvist... [et al.] ; traducción de Matica Goulard. aMadrid : bÍnsula, c1960. a79 p. ; c27 cm.14aPoesías suecas-yS.XX.1 aLagerkvist, Pär.1 aGoulard, Matica. aES-MaACLjC-18918